000 03012nam a22003377a 4500
001 TIC 0043
003 gtcocun
005 20250922153804.0
006 a||||gr|||| 00| 0
007 ta
008 250922b2024 gt ||||| m||| 00| 0 eng d
040 _agtcocun
_bSPA
_cgtcocun
_eRDA
041 _aSPA TIC 0043
084 _0TIC 0043
100 _aChávez Mus, María Eugenia
_eAutor
245 _aMINIMIZACIÓN DE ERRORES EN LAS MEDICIONES PLANIMÉTRICAS MEDIANTE LA SELECCIÓN DE MÉTODOS APROPIADOS, CONSIDERANDO LA INFLUENCIA DE LAS VARIABLES AMBIENTALES./
_cMaría Eugenia Chávez Mus.
_hImpreso
264 _aCobán, Alta Verapaz:
_bUniversidad de San Carlos de Guatemala, Centro Universitario del Norte, Ingeniería Civil
_c2024
300 _a57 p.:
_bIlustraciones, gráficas.
_c28 cm;
300 _cPDF
336 _2rdacontenido
_aTexto
_btxt
337 _2rdamedio
_aComputadora
_bn
338 _2rdasoporte
_aCódigo en línea
_bcr
502 _eTIC 0043
502 _aTesis de grado
_bIngeniería Civil,
_cUniversidad de San Carlos de Guatemala, Centro Universitario del Norte, Ingeniería Civil
_d2024
_oTIC 0043
520 1 4 _aEsta tesis se basó principalmente en la investigación de los errores que pueden surgir al momento de realizar mediciones topográficas. Estos errores pueden ser de distintos tipos, pero siempre relacionados a los 3 más comunes los cuales son: errores de instrumentación, error humano y error por condiciones climáticas. Al basar la investigación en esto se consideró al Registro de Información Catastral de Guatemala ya que es el encargado de las mediciones de esta naturaleza en el país y el cual aún tiene mucho trabajo por realizar y el aporte de esta tesis puede ser de mucha utilidad no solo para la institución sino a todo profesional de la agrimensura. Luego de recabar la información de estos 3 agentes actuadores analizamos los datos recabados como, instrumentos de medición, departamentos catastrados y los climas de las diferentes regiones de Guatemala según el Instituto Nacional de Sismología, Vulcanología, Meteorología e Hidrología (INSIVUMEH) lo cual arrojo tablas de contenidos que ayudan a realizar un sistema de elección eficaz para la utilización de los instrumentos propios del Registro con el fin de minimizar los errores obtenidos en las mediciones en cada región del país y en los diferentes meses del año. Lo cual hace que esta investigación ayude no solo a la reducción de errores si no que a la vez proporciona sugerencias eficaces que ahorran recursos y tiempo al Registro de Información Catastral y a los profesionales del área.
650 _2LEMB
_aGuatemala.
_xIngeniería
_xErrores
_xInstrumentación
_xCatastro
_xAgrimensura
_xPrecisión
700 _aIng. Jorge Haroldo Dubón Xitumul
_eAsesor
856 _uhttps://drive.google.com/file/d/1H8kjKfjlKuWLOi5z4qGaitAgl2ZoYCjm/view
_yPDF
_zUn ejemplar en línea.
942 _2ddc
_cTES
_iTIC 0043
_kClasificación
_n0
_6TIC_0043_000000000000000
999 _c2030
_d2030